| 000 | 00553nam a2200181 a 4500 | ||
|---|---|---|---|
| 001 | 000010313 | ||
| 005 | 20240412074217.0 | ||
| 008 | 091006s1965 dr a 001 0 spa d | ||
| 040 |
_aDO-SdBNP _bspa _cBNPHU |
||
| 082 |
_aRD861.44 _bH557p |
||
| 100 | 1 |
_aHernández Ortega, Gilberto _911311 |
|
| 245 | 1 | 0 |
_aPoemas de soledad y luz (1961-1965) / _cGilberto Hernández Ortega. |
| 260 |
_aSanto Domingo : _bMontalvo, _c1965. |
||
| 300 |
_a82 p. : _bil ; _c22 cm. |
||
| 650 | 0 |
_aPoesía dominicana _966 |
|
| 650 | 0 |
_aLiteratura dominicana. _967 |
|
| 049 | _aBNPD | ||
| 999 |
_c10072 _d10072 |
||